Statistics for Provinces of Iran (with map)

Click here to take the quiz!

General Stats

  • This quiz has been taken 6,175 times
  • The average score is 16 of 31

Answers on the Map

Answers color-coded by a green-red scale on the quiz's map according to % correct below.
 

Answer Stats

Province% Correct
Tehran
96%
Isfahan
74%
Sistan and Baluchestan
72%
East Azerbaijan
66%
West Azerbaijan
66%
Qom
65%
Kurdistan
64%
Fars
63%
Kerman
58%
Khuzestan
56%
Gilan
54%
Mazandaran
53%
Yazd
53%
North Khorasan
50%
South Khorasan
50%
Golestan
49%
Ardabil
48%
Kermanshah
48%
Lorestan
47%
Hormozgan
44%
Alborz
43%
Bushehr
43%
Ilam
42%
Razavi Khorasan
42%
Hamadan
41%
Qazvin
41%
Semnan
41%
Zanjan
39%
Markazi
36%
Chahar Mahaal and Bakhtiari
32%
Kohgiluyeh and Boyer-Ahmad
29%

Score Distribution

Percentile by Number Answered

Percent of People with Each Score

Your Score History

You have not taken this quiz